| 000 | 00628cam a22001097a 4500 | ||
|---|---|---|---|
| 008 | 180718b1989 xxu||||| |||| 00| 0 eng d | ||
| 082 | _aB1803x54 In2/1985-1988 | ||
| 245 | _aThe narcotic drugs and psychotropic substances act, 1985 (61 of 1985) as amended by NDPS (amendment) Act, 1988 (2 of 1989) and the provention of illicit traffic in narcotic drugs and psychotropic substances Act, 1988 [46 of 1988] along with central rules and notifications | ||
| 260 |
_aNew Delhi _bDirectorate of Publications, Customs and Central Excise _c1989 |
||
| 300 | _a471+p. | ||
| 700 | _aIndia. Directorate of Publications, Customs and Central Excise | ||
| 999 |
_c487948 _d487948 |
||